[Event "First Saturday 2007 julius IGM"]
[Site "Budapest"]
[Date "2007.07.07"]
[Round "1"]
[White "Bui, Vinh"]
[Black "Fruebing, Stefan"]
[Result "1/2-1/2"]
[WhiteElo "2466"]
[BlackElo "2319"]
[PlyCount "94"]
[EventDate "2007.07.07"]

1. d4 d6 2. c4 Nf6 3. Nc3 g6 4. e4 Bg7 5. Nf3 O-O 6. h3 c5 7. d5 e6 8. Bd3 exd5
9. exd5 Re8+ 10. Be3 a6 11. O-O b6 12. Qd2 Qe7 13. a4 Nbd7 14. Rfe1 Qf8 15. Bf4
Bb7 16. Bh2 Rxe1+ 17. Rxe1 Re8 18. Rxe8 Nxe8 19. Ne4 Qe7 20. Qe2 Kf8 21. b3
Ndf6 22. Kf1 Bc8 23. Ned2 Qxe2+ 24. Kxe2 Ke7 25. Ng5 h6 26. Nge4 Nxe4 27. Nxe4
Bf5 28. g4 Bxe4 29. Bxe4 Nf6 30. Bd3 Nd7 31. f4 Bd4 32. Kf3 a5 33. Bc2 Nf8 34.
h4 Nd7 35. Bd3 Bc3 36. Bf1 Bd4 37. Bh3 Bc3 38. Ke4 Bb2 39. Bf1 Bc3 40. Bd3 Bb2
41. Kf3 Bc3 42. Bc2 Bd4 43. f5 Ne5+ 44. Bxe5 Bxe5 45. fxg6 fxg6 46. Bxg6 Bd4
47. Kf4 Be5+ 1/2-1/2

[Event "First Saturday 2007 julius IGM"]
[Site "Budapest"]
[Date "2007.07.07"]
[Round "1"]
[White "Todorovic, Goran M"]
[Black "Ilincic, Zlatko"]
[Result "1/2-1/2"]
[WhiteElo "2471"]
[BlackElo "2509"]
[PlyCount "33"]
[EventDate "2007.07.07"]

1. e4 e5 2. Nf3 Nf6 3. Nc3 Nc6 4. g3 Bc5 5. Bg2 d6 6. d3 h6 7. O-O a6 8. Be3
Bg4 9. h3 Bxf3 10. Bxf3 Bxe3 11. fxe3 Qd7 12. Bg2 Ne7 13. Qd2 h5 14. d4 Qe6 15.
Rf2 h4 16. g4 Nh7 17. Raf1 1/2-1/2

[Event "First Saturday 2007 julius IGM"]
[Site "Budapest"]
[Date "2007.07.07"]
[Round "1"]
[White "Vernay, Clouis"]
[Black "Hammes, Michael"]
[Result "1-0"]
[WhiteElo "2381"]
[BlackElo "2390"]
[PlyCount "73"]
[EventDate "2007.07.07"]

1. d4 e6 2. e4 d5 3. Nc3 Bb4 4. e5 c5 5. a3 Bxc3+ 6. bxc3 Ne7 7. Qg4 Qc7 8.
Qxg7 Rg8 9. Qxh7 cxd4 10. Ne2 Nbc6 11. f4 Bd7 12. Qd3 dxc3 13. Nxc3 a6 14. Rb1
Na5 15. Ne2 Bb5 16. Qd2 Nf5 17. Ng3 Nxg3 18. Bxb5+ axb5 19. hxg3 Qc5 20. Qd3
Nc4 21. Rb3 O-O-O 22. Be3 d4 23. Bf2 Kb8 24. O-O Rd5 25. Rfb1 Qa7 26. Rxb5 Rxb5
27. Rxb5 Rc8 28. Rb3 Ne3 29. Bxe3 dxe3 30. Qxe3 Qxe3+ 31. Rxe3 Rxc2 32. Kh2 Rc4
33. Kh3 Kc7 34. Kg4 Kd7 35. Kg5 Ke7 36. Rb3 Rc7 37. g4 1-0

[Event "First Saturday 2007 julius IGM"]
[Site "Budapest"]
[Date "2007.07.07"]
[Round "1"]
[White "Smerdon, David"]
[Black "Kjartansson, Gudmunson"]
[Result "0-1"]
[WhiteElo "2461"]
[BlackElo "2306"]
[PlyCount "88"]
[EventDate "2007.07.07"]

1. e4 c6 2. c4 d5 3. exd5 cxd5 4. d4 Nf6 5. Nc3 e6 6. Nf3 Be7 7. Bd3 dxc4 8.
Bxc4 b6 9. O-O Bb7 10. Re1 O-O 11. Bg5 h6 12. Bh4 Nc6 13. a3 Rc8 14. Ba2 Nd5
15. Nxd5 Bxh4 16. Nf4 Bf6 17. d5 exd5 18. Qd3 Ne7 19. Re2 Qd6 20. Nh5 g6 21.
Ng3 Rfd8 22. Rae1 Rc7 23. h4 h5 24. Bb1 Bc8 25. Nxh5 gxh5 26. Qh7+ Kf8 27. Qxh5
Ng8 28. Bh7 Qf4 29. Ne5 Qh6 30. Qxh6+ Nxh6 31. h5 Re7 32. Nc6 Rxe2 33. Rxe2 Rd6
34. Nxa7 Bg4 35. f3 Bxh5 36. Nb5 Rd7 37. g4 Bg6 38. Bxg6 fxg6 39. Re6 Kg7 40.
Rxb6 Nf7 41. a4 d4 42. Kf1 d3 43. Ke1 Ne5 44. Kd1 Nc4 0-1

[Event "First Saturday 2007 julius IGM"]
[Site "Budapest"]
[Date "2007.07.08"]
[Round "2"]
[White "Fruebing, Stefan"]
[Black "Kjartansson, Gudmunson"]
[Result "1-0"]
[WhiteElo "2319"]
[BlackElo "2306"]
[PlyCount "131"]
[EventDate "2007.07.07"]

1. e4 c6 2. d4 d5 3. Nc3 dxe4 4. Nxe4 Nd7 5. Ng5 Ngf6 6. Bd3 e6 7. N1f3 Bd6 8.
Qe2 h6 9. Ne4 Nxe4 10. Qxe4 Nf6 11. Qe2 b6 12. Bd2 Qc7 13. O-O-O Bb7 14. Ne5
O-O-O 15. f4 Kb8 16. Rhf1 Rhe8 17. g3 Ka8 18. Kb1 Nd5 19. c4 Nb4 20. Be4 f6 21.
a3 Na6 22. Nf3 c5 23. Bc3 Nb8 24. dxc5 Bxc5 25. Rxd8 Qxd8 26. b4 Bf8 27. Bxb7+
Kxb7 28. Qe4+ Kc8 29. Nd4 e5 30. fxe5 Rxe5 31. Qf3 Re8 32. Rd1 Qe7 33. Nc6 Qc7
34. Qg4+ Kb7 35. Nxb8 Kxb8 36. Rd7 Qc6 37. Qf4+ Ka8 38. Qd2 Kb8 39. Qd5 Qxd5
40. cxd5 Rc8 41. Bd2 g5 42. d6 Rc6 43. Rf7 Bxd6 44. Rxf6 Kc7 45. Rxh6 g4 46.
Rh7+ Kb8 47. Rg7 Rc4 48. Rf7 a5 49. Bf4 Bxf4 50. Rxf4 Rc3 51. bxa5 bxa5 52.
Rxg4 Rxa3 53. h4 Kc7 54. h5 Rb3+ 55. Ka2 Rb8 56. h6 Kd6 57. Rg7 Rh8 58. Rg6+
Ke7 59. g4 Rc8 60. g5 Kf7 61. Rg7+ Kf8 62. Ka3 Rc5 63. Ka4 Re5 64. g6 Rh5 65.
Rf7+ Kg8 66. h7+ 1-0

[Event "First Saturday 2007 julius IGM"]
[Site "Budapest"]
[Date "2007.07.08"]
[Round "2"]
[White "Hammes, Michael"]
[Black "Smerdon, David"]
[Result "0-1"]
[WhiteElo "2390"]
[BlackElo "2461"]
[PlyCount "82"]
[EventDate "2007.07.07"]

1. d4 Nf6 2. Nf3 e6 3. c4 d5 4. Nc3 Bb4 5. cxd5 exd5 6. Bg5 O-O 7. e3 c5 8. Qc2
c4 9. Be2 Nbd7 10. O-O Qa5 11. Nd2 Re8 12. Bh4 Bxc3 13. bxc3 Ne4 14. Nxe4 Rxe4
15. Bg3 Re8 16. Bf3 Nf6 17. Be5 Ng4 18. Bf4 Nf6 19. Be5 Ng4 20. Bf4 g6 21. e4
dxe4 22. Bxe4 Nf6 23. f3 Nh5 24. Be5 f5 25. g4 Ng7 26. gxf5 gxf5 27. Kh1 fxe4
28. Rg1 Rxe5 29. dxe5 Qxe5 30. Qxe4 Qxe4 31. fxe4 Bd7 32. Kg2 Bc6 33. Kf3 Rf8+
34. Ke3 Re8 35. Rg4 h5 36. Rf4 Rd8 37. Ke2 Rd3 38. Rf3 Bxe4 39. Re3 Bf5 40. a4
Bg4+ 41. Kf2 Nf5 0-1

[Event "First Saturday 2007 julius IGM"]
[Site "Budapest"]
[Date "2007.07.08"]
[Round "2"]
[White "Ilincic, Zlatko"]
[Black "Vernay, Clouis"]
[Result "1-0"]
[WhiteElo "2509"]
[BlackElo "2381"]
[PlyCount "109"]
[EventDate "2007.07.07"]

1. d4 d5 2. c4 c6 3. Nf3 Nf6 4. e3 Bg4 5. h3 Bxf3 6. Qxf3 e6 7. a3 Ne4 8. Bd3
Qa5+ 9. Ke2 f5 10. g4 g6 11. Qg2 Bd6 12. c5 Be7 13. f3 Nf6 14. Qh2 Nbd7 15. Nc3
O-O-O 16. b4 Qc7 17. b5 Qxh2+ 18. Rxh2 Nb8 19. a4 Ne8 20. Rb1 Nc7 21. Kd1 fxg4
22. hxg4 h5 23. g5 Bxg5 24. f4 Bf6 25. Bxg6 h4 26. Bd2 Rdg8 27. Bd3 Ne8 28. Ke2
Ng7 29. a5 Nf5 30. a6 bxa6 31. bxa6 Rg7 32. Na4 Bd8 33. Be1 Rhg8 34. Bf2 Ng3+
35. Kf3 Ne4 36. Bxe4 dxe4+ 37. Kxe4 Nxa6 38. Bxh4 Rh7 39. Rbh1 Rgh8 40. Bg3
Rxh2 41. Rxh2 Rxh2 42. Bxh2 Bc7 43. Bg1 Nb4 44. f5 Kd7 45. fxe6+ Kxe6 46. Kf3
Kd5 47. Nb2 Nc2 48. e4+ Ke6 49. Ke2 Bf4 50. Kd3 Na3 51. Nc4 Nxc4 52. Kxc4 Kd7
53. d5 Be5 54. Bd4 Bf4 55. Bf6 1-0

[Event "First Saturday 2007 julius IGM"]
[Site "Budapest"]
[Date "2007.07.09"]
[Round "3"]
[White "Smerdon, David"]
[Black "Ilincic, Zlatko"]
[Result "0-1"]
[WhiteElo "2461"]
[BlackElo "2509"]
[PlyCount "66"]
[EventDate "2007.07.07"]

1. e4 e5 2. Nf3 Nf6 3. d4 Nxe4 4. Bd3 d5 5. Nxe5 Nd7 6. Nc3 Nxe5 7. dxe5 Nxc3
8. bxc3 Bc5 9. Qh5 h6 10. O-O Be6 11. Rb1 Bb6 12. Kh1 g6 13. Qf3 c6 14. Ba3 Qg5
15. Qe2 h5 16. f4 Qg4 17. Rf3 h4 18. h3 Qh5 19. Bd6 O-O-O 20. a4 Rd7 21. Ba6
Rxd6 22. exd6 bxa6 23. a5 Bc5 24. f5 gxf5 25. Qe5 Rd8 26. d7+ Kxd7 27. Rb7+ Ke8
28. g4 hxg3 29. Kg2 Qh6 30. Rxg3 Qd2+ 31. Kh1 Qd1+ 32. Kh2 Qxc2+ 33. Rg2 Bd6
0-1

[Event "First Saturday 2007 julius IGM"]
[Site "Budapest"]
[Date "2007.07.09"]
[Round "3"]
[White "Kjartansson, Gudmunson"]
[Black "Hammes, Michael"]
[Result "1/2-1/2"]
[WhiteElo "2306"]
[BlackElo "2390"]
[PlyCount "193"]
[EventDate "2007.07.07"]

1. e4 e6 2. d4 d5 3. e5 c5 4. c3 Qb6 5. Nf3 Nc6 6. a3 c4 7. Nbd2 Na5 8. Be2 Bd7
9. O-O Ne7 10. Re1 h6 11. Rb1 Qc7 12. Qc2 Nc8 13. Bd1 Nb6 14. Nf1 Ba4 15. Qe2
O-O-O 16. Bxa4 Nxa4 17. Ng3 Kb8 18. h3 Nb3 19. Be3 b5 20. Nd2 Nxd2 21. Bxd2 Qc6
22. f4 g6 23. Nf1 h5 24. g4 Be7 25. Qf3 Kc7 26. Re2 a5 27. Ne3 hxg4 28. hxg4
Rh7 29. Rh2 Rdh8 30. Rxh7 Rxh7 31. Kg2 Rh8 32. Be1 Nb6 33. Bg3 b4 34. axb4 axb4
35. cxb4 Qa4 36. f5 gxf5 37. gxf5 Qxb4 38. fxe6 fxe6 39. Qf7 Rf8 40. Qg7 Qd2+
41. Kh3 Kd8 42. Ng4 Qg5 43. Qxf8+ Bxf8 44. Bh4 Be7 45. Bxg5 Bxg5 46. Kg3 Kd7
47. Kf3 Kc6 48. b3 Nc8 49. Ne3 Ne7 50. Nxc4 dxc4 51. bxc4 Nc8 52. Ke4 Nb6 53.
Rg1 Be7 54. Rc1 Na4 55. Kd3 Nb2+ 56. Kc2 Na4 57. Rg1 Bh4 58. Rg6 Kd7 59. c5 Bf2
60. Kb3 Bxd4 61. Kxa4 Kc6 62. Rxe6+ Kxc5 63. Re8 Kd5 64. e6 Bf6 65. Kb5 Kd6 66.
Kc4 Be7 67. Kd4 Kxe6 68. Ke4 Kd6 69. Kf5 Kd7 70. Ra8 Kc6 71. Ke6 Bb4 72. Rc8+
Kb7 73. Rc1 Ba5 74. Kd5 Bc7 75. Rc2 Bd8 76. Kd6 Bh4 77. Rb2+ Ka8 78. Rb3 Bf2
79. Kc7 Ba7 80. Rb4 Bf2 81. Ra4+ Ba7 82. Kc6 Kb8 83. Rb4+ Ka8 84. Ra4 Kb8 85.
Rh4 Ka8 86. Rh8+ Bb8 87. Rd8 Ka7 88. Rd7+ Ka8 89. Kb5 Ba7 90. Ka6 Bb8 91. Rb7
Bf4 92. Rf7 Bg3 93. Kb6 Bb8 94. Rf3 Ba7+ 95. Kc6 Bb8 96. Rb3 Ba7 97. Ra3
1/2-1/2

[Event "First Saturday 2007 julius IGM"]
[Site "Budapest"]
[Date "2007.07.10"]
[Round "4"]
[White "Fruebing, Stefan"]
[Black "Hammes, Michael"]
[Result "1-0"]
[WhiteElo "2319"]
[BlackElo "2390"]
[PlyCount "99"]
[EventDate "2007.07.07"]

1. e4 e6 2. d4 d5 3. Nc3 Bb4 4. e5 c5 5. a3 Bxc3+ 6. bxc3 Qc7 7. Qg4 f5 8. Qg3
cxd4 9. cxd4 Ne7 10. Bd2 O-O 11. Bd3 b6 12. Nf3 Ba6 13. h4 Bxd3 14. cxd3 Nbc6
15. Rc1 Qd7 16. Bh6 Rf7 17. Bf4 Rc8 18. h5 Nd8 19. O-O Rxc1 20. Rxc1 Rf8 21.
Bg5 Nec6 22. h6 g6 23. Bf6 Kf7 24. Qh4 Kg8 25. g3 b5 26. Rb1 a6 27. Kg2 Qa7 28.
Qf4 Nf7 29. Rc1 Qd7 30. Nh4 Ne7 31. Qd2 Qb7 32. Nf3 Nc6 33. Qc3 Rc8 34. Ng5
Nxg5 35. Bxg5 Qb6 36. Bd2 Kf7 37. Qb2 a5 38. Rc5 Rb8 39. Qc1 Rc8 40. Bxa5 Qxa5
41. Rxc6 Rxc6 42. Qxc6 Qxa3 43. Qxb5 Qe7 44. f4 g5 45. Qb8 gxf4 46. gxf4 Qf8
47. Qc7+ Kg6 48. Qd7 Qf7 49. Qd8 Kxh6 50. Qg5# 1-0

[Event "First Saturday 2007 julius IGM"]
[Site "Budapest"]
[Date "2007.07.10"]
[Round "4"]
[White "Ilincic, Zlatko"]
[Black "Kjartansson, Gudmunson"]
[Result "1/2-1/2"]
[WhiteElo "2509"]
[BlackElo "2306"]
[PlyCount "80"]
[EventDate "2007.07.07"]

1. d4 Nf6 2. c4 e6 3. Nf3 b6 4. g3 Ba6 5. Qa4 c5 6. Bg2 Bb7 7. O-O cxd4 8. Nxd4
Bxg2 9. Kxg2 Qc8 10. Rd1 Nc6 11. Nxc6 Qxc6+ 12. Qxc6 dxc6 13. Bf4 Rd8 14. Nc3
Bb4 15. Be5 Ke7 16. a3 Bd6 17. Bxd6+ Rxd6 18. Rxd6 Kxd6 19. b4 Rd8 20. Rd1+ Kc7
21. Rxd8 Kxd8 22. Kf3 Kc7 23. Kf4 Kd6 24. g4 e5+ 25. Kf5 Nd7 26. h4 Ke7 27. h5
f6 28. g5 fxg5 29. Kxg5 Nf6 30. f3 Ke6 31. e4 Ne8 32. c5 bxc5 33. bxc5 Nc7 34.
Na2 a5 35. Nc1 a4 36. Nd3 Nb5 37. Nb2 Nxa3 38. Nxa4 Nc4 39. Kg4 Nd2 40. Nb2 Kf6
1/2-1/2

[Event "First Saturday 2007 julius IGM"]
[Site "Budapest"]
[Date "2007.07.10"]
[Round "4"]
[White "Fogarasi, Tibor"]
[Black "Todorovic, Goran M"]
[Result "1/2-1/2"]
[WhiteElo "2425"]
[BlackElo "2471"]
[PlyCount "32"]
[EventDate "2007.07.07"]

1. e4 e5 2. Nf3 Nc6 3. Bb5 a6 4. Ba4 Nf6 5. O-O Nxe4 6. d4 b5 7. Bb3 d5 8. dxe5
Be6 9. Be3 Be7 10. c3 Nc5 11. Bc2 Bg4 12. Nbd2 Qd7 13. Qb1 Ne6 14. Rd1 Bh5 15.
Bf5 Rd8 16. a4 bxa4 1/2-1/2

[Event "First Saturday 2007 julius IGM"]
[Site "Budapest"]
[Date "2007.07.11"]
[Round "5"]
[White "Todorovic, Goran M"]
[Black "Fruebing, Stefan"]
[Result "1-0"]
[WhiteElo "2471"]
[BlackElo "2319"]
[PlyCount "65"]
[EventDate "2007.07.07"]

1. e4 c5 2. Nf3 Nc6 3. d4 cxd4 4. Nxd4 g6 5. Nxc6 bxc6 6. Qd4 Nf6 7. e5 Nd5 8.
c4 Nb4 9. Qc3 c5 10. Be3 Bg7 11. Bxc5 Nc6 12. Qd2 Qc7 13. Nc3 O-O 14. Be2 Nxe5
15. Bxe7 Re8 16. Nd5 Qc6 17. O-O Bb7 18. b3 Qe6 19. Ba3 Nc6 20. Rae1 Nd4 21.
Bd1 Qa6 22. Bc5 Nf5 23. Bg4 d6 24. Bb4 Nd4 25. Bc3 Bxd5 26. Bxd4 Bxd4 27. Qxd4
Bb7 28. Qd2 Re5 29. f4 Ra5 30. Rf2 f5 31. Bf3 Bxf3 32. Rxf3 d5 33. b4 1-0

[Event "First Saturday 2007 julius IGM"]
[Site "Budapest"]
[Date "2007.07.11"]
[Round "5"]
[White "Vernay, Clouis"]
[Black "Fogarasi, Tibor"]
[Result "1/2-1/2"]
[WhiteElo "2381"]
[BlackElo "2425"]
[PlyCount "95"]
[EventDate "2007.07.07"]

1. d4 Nf6 2. c4 c5 3. d5 b5 4. cxb5 a6 5. bxa6 g6 6. Nc3 Bxa6 7. Nf3 d6 8. g3
Bg7 9. Bg2 Nbd7 10. O-O Nb6 11. Re1 O-O 12. Rb1 Bc4 13. e4 Bxa2 14. Nxa2 Rxa2
15. Qb3 Ra4 16. Qd3 Nfd7 17. b3 c4 18. bxc4 Nxc4 19. Nd2 Nc5 20. Qc2 Qa5 21.
Rd1 Qc3 22. Qxc3 Bxc3 23. Nxc4 Rxc4 24. Bh6 Bg7 25. Bxg7 Kxg7 26. Rdc1 Rb8 27.
f3 f5 28. exf5 gxf5 29. f4 Rb2 30. h4 Rxc1+ 31. Rxc1 Rd2 32. Re1 Kf6 33. Re3
Kf7 34. Bf3 Nd7 35. Re2 Rd3 36. Kf2 Nf6 37. Re6 Rd4 38. Ke3 Ra4 39. Kf2 Ra5 40.
Kf1 Ra2 41. Re2 Ra3 42. Kf2 Rd3 43. Re6 Nxd5 44. Bxd5 Rxd5 45. Rh6 Kg7 46. Re6
Kf7 47. Rh6 Kg7 48. Re6 1/2-1/2

[Event "First Saturday 2007 julius IGM"]
[Site "Budapest"]
[Date "2007.07.12"]
[Round "6"]
[White "Fruebing, Stefan"]
[Black "Ilincic, Zlatko"]
[Result "1/2-1/2"]
[WhiteElo "2319"]
[BlackElo "2509"]
[PlyCount "202"]
[EventDate "2007.07.07"]

1. e4 e5 2. Nf3 Nf6 3. Nxe5 d6 4. Nf3 Nxe4 5. d4 d5 6. Bd3 Nd6 7. O-O Be7 8.
Re1 Nd7 9. Nc3 c6 10. Ne2 O-O 11. c3 Re8 12. Qc2 Nf8 13. Nf4 g6 14. h3 Bf5 15.
Bxf5 Nxf5 16. Nd3 Ne6 17. Nf4 Neg7 18. Nd3 Nd6 19. Bf4 Ne4 20. Nd2 Bd6 21. Bxd6
Nxd6 22. Rxe8+ Qxe8 23. Re1 Qf8 24. Qd1 Re8 25. Re2 Rxe2 26. Qxe2 Qe8 27. Qxe8+
Ngxe8 28. Kf1 Kf8 29. Ke2 Ke7 30. Kf3 Nf6 31. Ke2 h5 32. h4 Nd7 33. g3 a5 34.
a4 b5 35. axb5 cxb5 36. Nf1 Nb6 37. Ne3 Ndc4 38. Nxc4 Nxc4 39. Kd1 Kf6 40. Nf4
Nb6 41. Ng2 g5 42. hxg5+ Kxg5 43. Ne3 f5 44. f4+ Kf6 45. Kc2 Ke6 46. Kd3 Nc8
47. Ke2 Nd6 48. Kd3 Ne4 49. Nf1 Kd6 50. Ke2 Kc6 51. Kf3 Kd6 52. Ke2 Ke7 53. Kd3
Ke6 54. Ke3 Nd6 55. Kd3 Nc4 56. Kc2 a4 57. Kc1 Nd6 58. Kb1 Nc4 59. Ka2 Kd7 60.
b3 Nd6 61. bxa4 bxa4 62. Ka3 Ne4 63. Kxa4 Nxc3+ 64. Kb3 Ne2 65. Kc2 Nxd4+ 66.
Kd3 Nb5 67. Ne3 Ke6 68. Nc2 Nd6 69. Nd4+ Kf6 70. Ne2 Ne4 71. Ke3 Ke7 72. Kf3
Nd2+ 73. Ke3 Nb3 74. Kd3 Kd6 75. Kc2 Nc5 76. Nd4 Ne4 77. Nxf5+ Ke6 78. Nd4+ Kf6
79. Ne2 Kf5 80. Kd3 Kg4 81. Kd4 Nf6 82. Ke3 Ng8 83. Kf2 Ne7 84. Nd4 Nc8 85. Nf3
Nd6 86. Ne5+ Kh3 87. Kf3 Nf5 88. g4 Nh4+ 89. Ke3 Ng2+ 90. Kd4 h4 91. f5 Kg3 92.
f6 Nf4 93. f7 h3 94. Ke3 d4+ 95. Ke4 Ne6 96. Nf3 d3 97. Ke3 Nf8 98. g5 Kg4 99.
Nh2+ Kg3 100. Nf3 Ng6 101. Ne5 Nf8 1/2-1/2

[Event "First Saturday 2007 julius IGM"]
[Site "Budapest"]
[Date "2007.07.12"]
[Round "6"]
[White "Todorovic, Goran M"]
[Black "Vernay, Clouis"]
[Result "1-0"]
[WhiteElo "2471"]
[BlackElo "2381"]
[PlyCount "97"]
[EventDate "2007.07.07"]

1. e4 e6 2. d4 d5 3. Nd2 dxe4 4. Nxe4 Nd7 5. Nf3 Ngf6 6. Nxf6+ Nxf6 7. Bg5 h6
8. Bh4 c5 9. Bb5+ Bd7 10. Bxd7+ Qxd7 11. Qe2 cxd4 12. O-O-O Bc5 13. Qe5 Qe7 14.
Nxd4 O-O 15. Bxf6 gxf6 16. Qf4 Bxd4 17. Rxd4 Kh7 18. Rhd1 Rfd8 19. Rxd8 Rxd8
20. Rxd8 Qxd8 21. Qe4+ Kg7 22. Qxb7 Qa5 23. Qe4 Qxa2 24. Qg4+ Kh7 25. Qd4 Kg7
26. c4 e5 27. Qd3 Qa5 28. Qg3+ Kf8 29. Qe3 Ke7 30. Kc2 h5 31. g3 Ke6 32. h4 Qc7
33. Kc3 a5 34. b3 Qb7 35. Kc2 Qb4 36. Qf3 Qe1 37. Qd5+ Ke7 38. Qd2 Qa1 39. c5
Qa3 40. Qd6+ Ke8 41. Qb8+ Ke7 42. Qd6+ Ke8 43. g4 Qa2+ 44. Kc3 Qxf2 45. gxh5
Qe1+ 46. Kc4 Qb4+ 47. Kd5 Qxh4 48. Kc6 Qxh5 49. Kc7 1-0

[Event "First Saturday 2007 julius IGM"]
[Site "Budapest"]
[Date "2007.07.13"]
[Round "7"]
[White "Smerdon, David"]
[Black "Todorovic, Goran M"]
[Result "1-0"]
[WhiteElo "2461"]
[BlackElo "2471"]
[PlyCount "71"]
[EventDate "2007.07.07"]

1. e4 e5 2. Nf3 Nc6 3. Bb5 a6 4. Ba4 Nf6 5. O-O Nxe4 6. d4 b5 7. Bb3 d5 8. dxe5
Be6 9. Nbd2 Nc5 10. c3 Be7 11. Bc2 Bg4 12. Re1 Qd7 13. Nf1 Rd8 14. Ne3 Bh5 15.
b4 Ne6 16. g4 Bg6 17. Nf5 h5 18. h3 d4 19. Be4 hxg4 20. hxg4 Nb8 21. N3xd4 Nxd4
22. cxd4 Bxb4 23. Bd2 Bxf5 24. gxf5 Qxd4 25. Bxb4 Qxb4 26. Qg4 Kf8 27. Qg5 Re8
28. Rad1 Qc3 29. Bd5 Qh3 30. e6 Rh4 31. e7+ Kg8 32. Bg2 Qh2+ 33. Kf1 Rh5 34.
Qg4 Rh8 35. Rd8 Kh7 36. Re3 1-0

[Event "First Saturday 2007 julius IGM"]
[Site "Budapest"]
[Date "2007.07.13"]
[Round "7"]
[White "Hammes, Michael"]
[Black "Bui, Vinh"]
[Result "0-1"]
[WhiteElo "2390"]
[BlackElo "2466"]
[PlyCount "76"]
[EventDate "2007.07.07"]

1. d4 d5 2. c4 c6 3. Nc3 Nf6 4. Nf3 a6 5. c5 Bf5 6. Bf4 e6 7. Qb3 Ra7 8. e3 Be7
9. Be2 Nbd7 10. O-O O-O 11. Na4 Ne4 12. h3 g5 13. Bh2 g4 14. hxg4 Bxg4 15. Qd1
Bxf3 16. Bxf3 Ng5 17. Nc3 f5 18. Be2 Kh8 19. Bf4 Rg8 20. Bxg5 Bxg5 21. Bd3 Ra8
22. f4 Bh4 23. Rf3 Rg6 24. Rh3 Qf6 25. Qh5 Rag8 26. Qxh4 Rxg2+ 27. Kh1 Qg7 28.
Ne2 Rxe2 29. Qxh7+ Qxh7 30. Rxh7+ Kxh7 31. Bxe2 Rg3 32. Re1 Rxe3 33. Kg2 Re4
34. Kf3 Rxd4 35. Bxa6 bxa6 36. Rxe6 Nxc5 37. Rxc6 Ne4 38. Rxa6 Rd3+ 0-1

[Event "First Saturday 2007 julius IGM"]
[Site "Budapest"]
[Date "2007.07.14"]
[Round "8"]
[White "Fogarasi, Tibor"]
[Black "Hammes, Michael"]
[Result "1/2-1/2"]
[WhiteElo "2425"]
[BlackElo "2390"]
[PlyCount "120"]
[EventDate "2007.07.07"]

1. e4 e6 2. d4 d5 3. Nc3 Bb4 4. e5 c5 5. Bd2 Nc6 6. Nb5 Bxd2+ 7. Qxd2 Nxd4 8.
Nxd4 cxd4 9. Qxd4 Ne7 10. Nf3 Nc6 11. Qg4 O-O 12. Bd3 f6 13. Qh5 h6 14. O-O Qe8
15. Qxe8 Rxe8 16. Rfe1 Bd7 17. a3 Rac8 18. Rad1 Re7 19. h3 Be8 20. b3 f5 21.
Rd2 Bh5 22. Nh2 Nd4 23. Rb1 Rc3 24. f4 Rec7 25. Rb2 g5 26. g3 Nf3+ 27. Nxf3
Bxf3 28. Kf2 Be4 29. Ke3 Kf7 30. Rb1 Kg6 31. Kd4 b6 32. Rf2 h5 33. Rg1 Bxd3 34.
cxd3 Rc2 35. Rff1 g4 36. hxg4 hxg4 37. Rh1 Rg2 38. Rh8 Rh7 39. Rf8 Rh6 40. Rg8+
Kf7 41. Ra8 Rxg3 42. Rxa7+ Kg6 43. Rb7 Rhh3 44. Rxb6 Rxd3+ 45. Kc5 Rc3+ 46. Kd6
Rxb3 47. Rxb3 Rxb3 48. Kxe6 Rxa3 49. Kxd5 Rf3 50. Re1 Rxf4 51. e6 Ra4 52. e7
Ra5+ 53. Kc6 Ra8 54. e8=Q+ Rxe8 55. Rxe8 Kg5 56. Kd5 Kf4 57. Re1 g3 58. Rf1+
Ke3 59. Rxf5 g2 60. Rg5 Kf2 1/2-1/2

[Event "First Saturday 2007 julius IGM"]
[Site "Budapest"]
[Date "2007.07.14"]
[Round "8"]
[White "Todorovic, Goran M"]
[Black "Kjartansson, Gudmunson"]
[Result "1-0"]
[WhiteElo "2471"]
[BlackElo "2306"]
[PlyCount "69"]
[EventDate "2007.07.07"]

1. e4 e5 2. Nf3 Nc6 3. Bb5 a6 4. Ba4 Nf6 5. O-O Be7 6. Re1 b5 7. Bb3 d6 8. c3
O-O 9. h3 Na5 10. Bc2 c5 11. d4 Nd7 12. dxc5 dxc5 13. Nbd2 Qc7 14. Nf1 Rd8 15.
Ne3 Nf6 16. Qe2 g6 17. Nh2 h5 18. Nf3 c4 19. Nd5 Qd6 20. Rd1 Bb7 21. b4 cxb3
22. axb3 Nxd5 23. exd5 Qb6 24. c4 bxc4 25. bxc4 Rac8 26. Nxe5 Bf6 27. Rb1 Qc7
28. Bf4 Bxe5 29. Bxe5 Qxc4 30. Qf3 Rxd5 31. Qf6 Rxe5 32. Qxe5 Qc6 33. f3 Nc4
34. Qd4 Na3 35. Be4 1-0

[Event "First Saturday 2007 julius IGM"]
[Site "Budapest"]
[Date "2007.07.14"]
[Round "8"]
[White "Vernay, Clouis"]
[Black "Smerdon, David"]
[Result "1/2-1/2"]
[WhiteElo "2381"]
[BlackElo "2461"]
[PlyCount "24"]
[EventDate "2007.07.07"]

1. d4 e6 2. c4 Nf6 3. Nc3 Bb4 4. g3 c5 5. Nf3 cxd4 6. Nxd4 Ne4 7. Qd3 Bxc3+ 8.
bxc3 Nc5 9. Qe3 d6 10. Bg2 O-O 11. O-O e5 12. Nb3 Nba6 1/2-1/2

[Event "First Saturday 2007 julius IGM"]
[Site "Budapest"]
[Date "2007.07.15"]
[Round "9"]
[White "Smerdon, David"]
[Black "Fruebing, Stefan"]
[Result "1/2-1/2"]
[WhiteElo "2461"]
[BlackElo "2319"]
[PlyCount "49"]
[EventDate "2007.07.07"]

1. e4 e5 2. Nf3 d6 3. d4 exd4 4. Nxd4 Nf6 5. Nc3 Be7 6. g3 d5 7. e5 Ng4 8. Bg2
c6 9. Bf4 Qb6 10. e6 fxe6 11. Bxb8 Nxf2 12. Qh5+ g6 13. Qe5 O-O 14. Rf1 Bf6 15.
Rxf2 Bxe5 16. Rxf8+ Kxf8 17. Bxe5 Qxb2 18. Nd1 Qb4+ 19. c3 Qc5 20. Kd2 Ke7 21.
Nf2 Bd7 22. a4 a5 23. Rb1 Qa7 24. c4 Rf8 25. Ke2 1/2-1/2

[Event "First Saturday 2007 julius IGM"]
[Site "Budapest"]
[Date "2007.07.15"]
[Round "9"]
[White "Kjartansson, Gudmunson"]
[Black "Vernay, Clouis"]
[Result "1/2-1/2"]
[WhiteElo "2306"]
[BlackElo "2381"]
[PlyCount "30"]
[EventDate "2007.07.07"]

1. e4 e6 2. d4 d5 3. e5 c5 4. c3 Nc6 5. Nf3 Qb6 6. a3 Bd7 7. b4 cxd4 8. cxd4
Rc8 9. Bb2 Na5 10. Nc3 Nc4 11. Qb3 Ne7 12. Rc1 Nxb2 13. Qxb2 Nf5 14. Na2 Rxc1+
15. Nxc1 Be7 1/2-1/2

[Event "First Saturday 2007 julius IGM"]
[Site "Budapest"]
[Date "2007.07.15"]
[Round "9"]
[White "Hammes, Michael"]
[Black "Todorovic, Goran M"]
[Result "0-1"]
[WhiteElo "2390"]
[BlackElo "2471"]
[PlyCount "100"]
[EventDate "2007.07.07"]

1. d4 d5 2. c4 e6 3. Nc3 c5 4. cxd5 exd5 5. Nf3 Nc6 6. g3 Nf6 7. Bg2 Be7 8. O-O
O-O 9. dxc5 Bxc5 10. Na4 Be7 11. Be3 Re8 12. Rc1 Bg4 13. Bc5 Qd7 14. Re1 Rad8
15. Nd4 Ne5 16. Bxe7 Qxe7 17. b3 h5 18. h3 Bc8 19. Qc2 Ne4 20. Nc3 Qf6 21. e3
Nd3 22. Bxe4 dxe4 23. Nxe4 Qa6 24. Ng5 g6 25. Red1 Nxc1 26. Rxc1 Bd7 27. h4 Rc8
28. Qd2 Rxc1+ 29. Qxc1 Rc8 30. Qd2 Qa3 31. Nc2 Qe7 32. Nb4 Bc6 33. Nxc6 Rxc6
34. Qd4 Qf6 35. Qxa7 Rc1+ 36. Kg2 Qc6+ 37. Nf3 Qb5 38. Qb8+ Kg7 39. Qe5+ Qxe5
40. Nxe5 Rc2 41. Nf3 Rxa2 42. Nd4 Kf6 43. Kf3 Rb2 44. e4 Ke5 45. Ke3 Rxf2 46.
Nf3+ Rxf3+ 47. Kxf3 Kd4 48. b4 b5 49. Kf4 f6 50. Kf3 g5 0-1